00853cam a2200229 a 450000100100000000500170001000800410002702000150006804000250008308200180010810000390012624500870016526000330025230000350028544000300032050400210035053400460037165000340041770000360045195201210048799900150060800000377320200929150550.0900418s1997 sp ab 001 1 spa  a8408012053 aDO-SdBNPbspacBNPHU a823.94bM133p1 aMcCullough, Colleen,d1937-91147813aEl primer hombre de Roma /cColleen McCullough ; traducción, Francisco Martín. aBarcelona :bPlaneta,c1997. a896 p. :bil., mapas ;c22 cm. 0aBolsillo;vno. 501911479 aIncluye índice aTíltulo original: The first man in Rome 4aLiteratura australiana9114801 aMartín, Franciscoetr.911215 001052708MOaGRbGRcHDd2009-07-13iLF1l0o823.94 M133pp3773-10r2020-06-25w2020-06-25y2ZPréstamo interno c3595d3595